| 000 | 00392nam a2200145 i 4500 | ||
|---|---|---|---|
| 001 | bg | ||
| 100 | 1 | _aTATARKIEWICZ, Jan | |
| 245 | 0 |
_aLiteratura firmowa i jej zbiór w bibliotece fachowej / _cJan Tatarkiewicz, Wanda Milczewska. |
|
| 260 |
_aWarszawa, _c1980. |
||
| 700 | 1 | _aMILCZEWSKA, Wanda | |
| 040 | _cBPK | ||
| 041 | _apol | ||
| 942 | _cKS | ||
| 008 | s pl f |000 0 pol | ||
| 999 |
_c19728 _d19728 |
||
| 856 |
_uhttp://koha.tu.koszalin.pl/cgi-bin/koha/opac-detail.pl?biblionumber=19728 _yKatalog online BPK |
||